000 00306nam a22001337a 4500
020 _a6008-5000-01-0206
082 _a894.812
_bBEN/P
100 _aGRACIOUS BENJAMIN
245 _aPHALVARGAVILAKAL
260 _aTHRICHUR
_bH & C BOOKS
_c2006
300 _a96
650 _aFOOD & NUTRITION
_zKERALA
942 _cBK
999 _c989
_d989